Quizzes
Events
Quiz Creation
Community
Videos
Private Events
Remove Ads
Sign In
Join for FREE
Feedback
Dark Mode
Quiz Categories
Sports
Geography
Music
Movies
Television
Just For Fun
Miscellaneous
History
Literature
Language
Science
Gaming
Entertainment
Religion
Holiday
For Kids
Quiz Lab
Recent
Popular Today
Quiz Kudos Today
Editor Picks
Curator Picks
Quizzes by...
Day
Popularity
Type
Ratings
Length
Year
Community
Subscriptions
Recent Discussions
Orange Saloon
Badges
Playlists
Quests
Create
Leaderboards
Showdown
Live 5
Trivia Bingo
Activity
Puzzle Library
Sporcle Events
Private Events
Virtual Trivia
Globe League
Become a Host
Pub Owners
SporcleCon
Opinionation
Our Games
Videos
Blog
Mobile Apps
Partnerships
Remove Ads and Go Orange
Feedback
Sports
Athletes
MLB
NBA
NHL
NFL
Soccer
Sports Teams
WWE
NCAA
Football
Premier League
Basketball
Baseball
Hockey
Golf
Tennis
Cricket
Rugby
Auto Racing
Olympics
World Cup
Sports
Athletes
MLB
NBA
NHL
NFL
Soccer
Sports Teams
WWE
NCAA
Football
Premier League
Basketball
Baseball
Hockey
Golf
Tennis
Cricket
Rugby
Auto Racing
Olympics
World Cup
Random Quiz
Search Sporcle
×
Quiz Lab
Quiz Lab
Sports
Cricket
Type in answers that appear in a list
Type in answers that appear in a list
Classic
Best Score? Go Orange.
Year End Top 10 ODI Cricket Batting Rankings Stats
Can you name the Year End Top 10 ODI Cricket Batting Rankings?
By
Benno
12m
400 Questions
6,992 Plays
6,992 Plays
6,992 Plays
Comments
Comments
Give Quiz Kudos
Give Quiz Kudos
-
- Ratings
hide this ad
Replay
Link that replays current quiz
Next Quiz
Link to next quiz in quiz playlist
You Got
0%
They Got
Avg Score
60%
Avg Friend Score
Upgrade to see
Score Distribution
Jump to the score distribution portion of the page
Score
0/400
Timer
12:00
3
Plays Today
Hint
Answer
% Correct
2022
Babar Azam
98.9%
2023
Babar Azam
98.9%
2020
Virat Kohli
98.8%
2019
Virat Kohli
98.7%
2018
Virat Kohli
98.6%
2021
Virat Kohli
98.6%
2017
Virat Kohli
98.6%
2016
Virat Kohli
98.6%
2015
Virat Kohli
98.6%
2014
Virat Kohli
98.6%
2013
Virat Kohli
98.6%
2012
Virat Kohli
98.6%
2011
Virat Kohli
98.6%
2010
Virat Kohli
98.6%
2023
Rohit Sharma
98.4%
2023
Virat Kohli
98.4%
2021
Babar Azam
98.4%
2022
Virat Kohli
98%
2023
David Warner
97.3%
2020
Babar Azam
97.2%
2022
Steve Smith
97.1%
2020
David Warner
97%
2016
Steve Smith
97%
2021
Rohit Sharma
97%
2021
Kane Williamson
96.8%
2022
Rohit Sharma
96.9%
2020
Rohit Sharma
96.8%
2021
David Warner
96.8%
2020
Kane Williamson
96.8%
2019
David Warner
96.7%
2009
Graeme Smith
96.6%
2008
Graeme Smith
96.6%
2007
Graeme Smith
96.6%
2005
Graeme Smith
96.6%
2022
Kane Williamson
96.6%
2019
Kane Williamson
96.4%
1995
Robin Smith
96.4%
1994
Robin Smith
96.4%
1993
Robin Smith
96.4%
2022
David Warner
96.4%
2018
David Warner
96.3%
2018
Kane Williamson
96.2%
2017
David Warner
96.2%
2016
David Warner
96.2%
2019
Rohit Sharma
96%
1992
Robin Smith
95.8%
2017
Joe Root
95.8%
2017
Kane Williamson
95.8%
2016
Kane Williamson
95.8%
2016
Joe Root
95.8%
2015
Kane Williamson
95.8%
2014
Kane Williamson
95.8%
2018
Joe Root
95.7%
2017
AB de Villiers
95.6%
2016
AB de Villiers
95.6%
2015
AB de Villiers
95.6%
2014
AB de Villiers
95.6%
2013
AB de Villiers
95.6%
2012
AB de Villiers
95.6%
2011
AB de Villiers
95.6%
2010
AB de Villiers
95.6%
2009
AB de Villiers
95.6%
2019
Joe Root
95.6%
2018
Rohit Sharma
95.1%
2020
Ross Taylor
95%
2019
Ross Taylor
94.9%
2019
Babar Azam
94.4%
2018
Ross Taylor
94.4%
1992
Sachin Tendulkar
94.3%
2021
Ross Taylor
94%
2022
Quinton de Kock
93.7%
2020
Quinton de Kock
93.5%
2021
Quinton de Kock
93.5%
2017
Hashim Amla
93.4%
2016
Hashim Amla
93.4%
2015
Hashim Amla
93.4%
2014
Hashim Amla
93.4%
2013
Hashim Amla
93.4%
2012
Hashim Amla
93.4%
2011
Hashim Amla
93.4%
2010
Hashim Amla
93.4%
2009
Ricky Ponting
93.3%
2008
Ricky Ponting
93.3%
2007
Ricky Ponting
93.3%
2006
Ricky Ponting
93.3%
2005
Ricky Ponting
93.3%
2004
Ricky Ponting
93.3%
2003
Ricky Ponting
93.3%
2002
Ricky Ponting
93.3%
2001
Ricky Ponting
93.3%
2000
Ricky Ponting
93.3%
1999
Ricky Ponting
93.3%
1998
Ricky Ponting
93.3%
2015
Ross Taylor
93.2%
2019
Quinton de Kock
93%
2009
Sachin Tendulkar
92.9%
2007
Sachin Tendulkar
92.9%
2004
Sachin Tendulkar
92.9%
2003
Sachin Tendulkar
92.9%
2002
Sachin Tendulkar
92.9%
2001
Sachin Tendulkar
92.9%
2000
Sachin Tendulkar
92.9%
1999
Sachin Tendulkar
92.9%
1998
Sachin Tendulkar
92.9%
1997
Sachin Tendulkar
92.9%
1996
Sachin Tendulkar
92.9%
1995
Sachin Tendulkar
92.9%
1994
Sachin Tendulkar
92.9%
2017
Rohit Sharma
92.1%
2016
Rohit Sharma
92.1%
2014
Kumar Sangakkara
91.6%
2013
Kumar Sangakkara
91.6%
2012
Kumar Sangakkara
91.6%
2011
Kumar Sangakkara
91.6%
2006
Kumar Sangakkara
91.6%
2020
Jonny Bairstow
91.2%
2021
Jonny Bairstow
91.1%
2018
Babar Azam
90.6%
2010
Chris Gayle
90%
2009
Chris Gayle
90%
2008
Chris Gayle
90%
2006
Chris Gayle
90%
2005
Chris Gayle
90%
2004
Chris Gayle
90%
2003
Chris Gayle
90%
2002
Chris Gayle
90%
2017
Quinton de Kock
90%
2016
Quinton de Kock
90%
2015
Quinton de Kock
90%
2014
Quinton de Kock
90%
2015
MS Dhoni
89.5%
2014
MS Dhoni
89.5%
2013
MS Dhoni
89.5%
2012
MS Dhoni
89.5%
Hint
Answer
% Correct
2011
MS Dhoni
89.5%
2010
MS Dhoni
89.5%
2009
MS Dhoni
89.5%
2008
MS Dhoni
89.5%
2006
MS Dhoni
89.5%
2020
Aaron Finch
89.4%
2022
Jonny Bairstow
89.4%
2003
Brian Lara
89.1%
1999
Brian Lara
89.1%
1998
Brian Lara
89.1%
1997
Brian Lara
89.1%
1996
Brian Lara
89.1%
1995
Brian Lara
89.1%
1994
Brian Lara
89.1%
1993
Brian Lara
89.1%
2007
Matthew Hayden
88.7%
2004
Matthew Hayden
88.7%
2002
Matthew Hayden
88.7%
2007
Adam Gilchrist
88.4%
2006
Adam Gilchrist
88.4%
2005
Adam Gilchrist
88.4%
2004
Adam Gilchrist
88.4%
2003
Adam Gilchrist
88.4%
2002
Adam Gilchrist
88.4%
2001
Adam Gilchrist
88.4%
2000
Adam Gilchrist
88.4%
1999
Adam Gilchrist
88.4%
2020
Faf du Plessis
88.3%
2019
Faf du Plessis
88.3%
2023
Shubman Gill
88.1%
2012
Michael Clarke
87.7%
2011
Michael Clarke
87.7%
2005
Michael Clarke
87.7%
2021
Aaron Finch
87.6%
2001
Mahela Jayawardena
86.8%
1987
Kapil Dev
86.5%
1984
Kapil Dev
86.5%
2018
Faf du Plessis
86.3%
2005
Rahul Dravid
85.9%
2001
Mark Waugh
84.6%
1999
Mark Waugh
84.6%
1998
Mark Waugh
84.6%
1997
Mark Waugh
84.6%
1996
Mark Waugh
84.6%
1995
Mark Waugh
84.6%
1994
Mark Waugh
84.6%
1993
Mark Waugh
84.6%
2008
Kevin Pietersen
84.5%
2007
Kevin Pietersen
84.5%
2006
Kevin Pietersen
84.5%
2009
Virender Sehwag
84%
2017
Babar Azam
83.8%
2023
Shai Hope
83.8%
2017
Faf du Plessis
83.4%
1990
Viv Richards
83.3%
1989
Viv Richards
83.3%
1988
Viv Richards
83.3%
2010
Jacques Kallis
83.1%
2005
Jacques Kallis
83.1%
2004
Jacques Kallis
83.1%
2003
Jacques Kallis
83.1%
2002
Jacques Kallis
83.1%
2001
Jacques Kallis
83.1%
2000
Jacques Kallis
83.1%
1999
Jacques Kallis
83.1%
1998
Jacques Kallis
83.1%
1987
Viv Richards
82.7%
1986
Viv Richards
82.7%
1985
Viv Richards
82.7%
1984
Viv Richards
82.7%
2021
Shai Hope
82.4%
2005
Inzamam-ul-Haq
81.9%
2001
Inzamam-ul-Haq
81.9%
1995
Inzamam-ul-Haq
81.9%
1993
Inzamam-ul-Haq
81.9%
2018
Shikhar Dhawan
81.4%
2019
Shai Hope
81.4%
2001
Sourav Ganguly
81%
2000
Sourav Ganguly
81%
1999
Sourav Ganguly
81%
2006
Sanath Jayasuriya
80.9%
2003
Sanath Jayasuriya
80.9%
2002
Sanath Jayasuriya
80.9%
2001
Sanath Jayasuriya
80.9%
2000
Sanath Jayasuriya
80.9%
1997
Sanath Jayasuriya
80.9%
2010
Shivnarine Chanderpaul
80.5%
2009
Shivnarine Chanderpaul
80.5%
2008
Shivnarine Chanderpaul
80.5%
2011
Mike Hussey
80.2%
2010
Mike Hussey
80.2%
2009
Mike Hussey
80.2%
2008
Mike Hussey
80.2%
2007
Mike Hussey
80.2%
2006
Mike Hussey
80.2%
2015
Tillakaratne Dilshan
79.9%
2014
Tillakaratne Dilshan
79.9%
2013
Tillakaratne Dilshan
79.9%
2012
Tillakaratne Dilshan
79.9%
2010
Tillakaratne Dilshan
79.9%
2023
Daryl Mitchell
79.5%
2018
Shai Hope
78.9%
2015
Shikhar Dhawan
78.7%
2014
Shikhar Dhawan
78.7%
2013
Shikhar Dhawan
78.7%
2016
Martin Guptill
77.9%
2022
Imam-ul-Haq
76.5%
1992
Aravinda de Silva
75%
2023
Dawid Malan
74.6%
2012
Alastair Cook
74.1%
1986
Allan Border
74.1%
1985
Allan Border
74.1%
1991
Allan Border
74%
2013
Misbah-ul-Haq
72.8%
2009
Yuvraj Singh
72.8%
2008
Yuvraj Singh
72.8%
2022
Rassie van der Dussen
72.5%
2010
Gautam Gambhir
72.5%
1987
Javed Miandad
72.4%
1987
Geoff Marsh
72.4%
1986
Javed Miandad
72.4%
1985
Javed Miandad
72.4%
1984
Javed Miandad
72.4%
1991
Geoff Marsh
72.4%
1990
Geoff Marsh
72.4%
1989
Geoff Marsh
72.4%
1988
Geoff Marsh
72.4%
2007
Herschelle Gibbs
72.3%
1989
Javed Miandad
71.9%
1988
Javed Miandad
71.9%
2013
Shane Watson
71.5%
2012
Shane Watson
71.5%
2011
Shane Watson
71.5%
2008
Mohammad Yousuf
70.8%
Hint
Answer
% Correct
2007
Mohammad Yousuf
70.8%
2005
Mohammad Yousuf
70.8%
2004
Yousuf Youhana
70.8%
2003
Yousuf Youhana
70.8%
2002
Yousuf Youhana
70.8%
2023
Rassie van der Dussen
70.3%
1987
Desmond Haynes
69.7%
1986
Desmond Haynes
69.7%
1985
Desmond Haynes
69.7%
1984
Desmond Haynes
69.7%
2003
Michael Bevan
69.6%
2002
Michael Bevan
69.6%
2001
Michael Bevan
69.6%
2000
Michael Bevan
69.6%
1999
Michael Bevan
69.6%
1998
Michael Bevan
69.6%
1997
Michael Bevan
69.6%
1996
Michael Bevan
69.6%
2004
Marcus Trescothick
69.4%
2003
Marcus Trescothick
69.4%
2002
Marcus Trescothick
69.4%
1998
Aravinda de Silva
69.1%
1997
Aravinda de Silva
69.1%
1996
Aravinda de Silva
69.1%
1994
Aravinda de Silva
69.1%
1993
Aravinda de Silva
69.1%
2008
Andrew Symonds
68.8%
2007
Andrew Symonds
68.8%
2006
Andrew Symonds
68.8%
2005
Andrew Symonds
68.8%
1992
Desmond Haynes
68.8%
1991
Desmond Haynes
68.8%
1990
Desmond Haynes
68.8%
1989
Desmond Haynes
68.8%
1988
Desmond Haynes
68.8%
1987
Gordon Greenidge
68.6%
1986
Gordon Greenidge
68.6%
1985
Gordon Greenidge
68.6%
1984
Gordon Greenidge
68.6%
2012
Jonathan Trott
68.4%
2011
Jonathan Trott
68.4%
1987
David Boon
68.1%
1992
David Boon
67.2%
1990
Gordon Greenidge
67.2%
1989
Gordon Greenidge
67.2%
1988
Gordon Greenidge
67.2%
1988
David Boon
67.2%
1987
Graham Gooch
66.5%
1986
Graham Gooch
66.5%
1985
Graham Gooch
66.5%
1992
Graham Gooch
65.6%
1991
Graham Gooch
65.6%
1990
Graham Gooch
65.6%
1989
Graham Gooch
65.6%
1988
Graham Gooch
65.6%
2000
Gary Kirsten
64.1%
1998
Gary Kirsten
64.1%
1997
Gary Kirsten
64.1%
1996
Gary Kirsten
64.1%
2015
Glenn Maxwell
62.5%
1994
David Boon
62.2%
1986
Martin Crowe
62.2%
1999
Saeed Anwar
61.5%
1998
Saeed Anwar
61.5%
1997
Saeed Anwar
61.5%
1996
Saeed Anwar
61.5%
1992
Martin Crowe
60.9%
1990
Martin Crowe
60.9%
1995
Mohammad Azharuddin
59.9%
1994
Mohammad Azharuddin
59.9%
1993
Mohammad Azharuddin
59.9%
1998
Hansie Cronje
59.8%
1997
Hansie Cronje
59.8%
1996
Hansie Cronje
59.8%
1995
Hansie Cronje
59.8%
1994
Hansie Cronje
59.8%
1992
Saleem Malik
59.4%
1991
Saleem Malik
59.4%
1990
Saleem Malik
59.4%
1989
Saleem Malik
59.4%
1988
Saleem Malik
59.4%
1993
Martin Crowe
58.8%
2006
Ramnaresh Sarwan
58.6%
2004
Ramnaresh Sarwan
58.6%
1987
Dean Jones
57.8%
1986
Richie Richardson
57.8%
1992
Richie Richardson
56.8%
1991
Richie Richardson
56.8%
1995
Arjuna Ranatunga
56.7%
1994
Arjuna Ranatunga
56.7%
1992
Dean Jones
56.3%
1991
Dean Jones
56.3%
1991
Andrew Jones
56.3%
1990
Dean Jones
56.3%
1990
Andrew Jones
56.3%
1989
Andrew Jones
56.3%
1989
Dean Jones
56.3%
1988
Dean Jones
56.3%
2004
Andrew Flintoff
55.7%
1986
David Gower
55.7%
1985
David Gower
55.7%
1984
David Gower
55.7%
1993
Dean Jones
54.9%
1995
Mike Atherton
53.7%
1984
Clive Lloyd
53.5%
2014
George Bailey
50.7%
2013
George Bailey
50.7%
1984
Zaheer Abbas
50.3%
1996
Graeme Hick
49.8%
1995
Graeme Hick
49.8%
1994
Graeme Hick
49.8%
1993
Graeme Hick
49.8%
1985
Dilip Vengsarkar
47%
2000
Lance Klusener
45.6%
1999
Lance Klusener
45.6%
1987
Allan Lamb
45.4%
1986
Allan Lamb
45.4%
1985
Allan Lamb
45.4%
1984
Allan Lamb
45.4%
1991
Allan Lamb
44.8%
1990
Allan Lamb
44.8%
1989
Allan Lamb
44.8%
1988
Allan Lamb
44.8%
2023
Harry Tector
41.6%
1997
Daryll Cullinan
41.5%
1996
Daryll Cullinan
41.5%
2011
Umar Akmal
41.2%
1991
Navjot Sidhu
31.3%
1993
Neil Fairbrother
27.5%
2000
Roger Twose
21%
1985
Kepler Wessels
17.8%
1984
Kepler Wessels
17.8%
Quiz Playlist
Details
Report
Send in Message
Add To Playlist
Classic:
Type in answers that appear in a list
Last Updated: Jan 7, 2020
Quiz Scoreboard
CHALLENGE
Sign Up to Join the Scoreboard
Show All
Scores
Hide
Comments
May contain spoilers
Recently Published
College Basketball Coaching Resumes
by pancakes188
Sports
9m
Billboard Blitz: Fleetwood Mac
by CooCooCachoo
Music
15s
Presidents Visiting Landmarks
by Hejman
History
7m
More to Explore
Quiz From the Vault
Featured Blog Post
Where Did the Easter Bunny Come From?
hide this ad
You Might Also Like...
Tags
Cricket Quiz
Batsman
batsmen
Batting
icc
odi
ODI Batsmen
ODI Cricket
Rankings
Top 10
World Ranking
Today's Top Quizzes in Sports
Browse Sports
hide this ad
Today's Top Quizzes in Cricket
Browse Cricket
Top Contributed Quizzes in Sports
1
2022 World Cup Stars
2
Les meilleurs buteurs des matchs entre le PSG et l’OM
3
FIFA Club World Cup Champions
4
Les entraîneurs de l'OM et du PSG au 21e siècle
5
Criteria MLB: Left Handed Sluggers
6
AFC Teams Reveal (Wrong Answers Minefield)
7
2023 MLB Unique Player Accomplishments
8
Players with Multiple 50 Home Run Seasons
9
5-to-1: FBS Animal Nicknames
10
5-to-1: UK Sports Teams
Explore More
Trending Topics
Marvel
Harry Potter
NBA
Crossword
Disney
Anime
Kpop
The Office
WWE
Song
Pokémon
Puzzle
Country
NFL
Soccer
hide this ad
More By:
Benno
Quiz
Plays
Rating
Category
Featured
Created
International Rugby XVs: England
22,551
5.00
Sports
Jul 10, 2015
British & Irish Lions touring squads
18,968
4.88
Sports
Oct 31, 2011
International Rugby XVs: Ireland
16,626
4.17
Sports
Jul 10, 2015
England Rugby World Cup squads
15,884
4.50
Sports
Sep 28, 2011
Year End Top 10 Test Cricket ICC Batting Rankings
15,311
5.00
Sports
Jan 20, 2018
Go to Creator's Profile
Score Distribution
Quiz Creator Spotlight
Benno
Follow
Send a Message
Quizzes Created
-
Created Quiz Play Count
-
More By This Creator
Popular Quizzes Today
1
Find the US States - No Outlines Minefield
2
Find the Countries of Europe - No Outlines Minefield
3
The Countries of the World
4
Find the US States
5
Risky Map Clicking: Biggest States A-Z
6
US States
7
Popular People in 1961
8
Movies - When Are They Set?
More Sports Quizzes
Mariners Yearly Top 5 WAR (Batters)
Quiz Lab
Trending Quizzes
Risky Map Clicking: Least Populous States A-Z
1-10 Letter G Words
1-10 Letter F Words
Risky Map Clicking: Next State Alphabetically
Risky Map Clicking: Biggest States A-Z
Recently Updated
Leaping Animals
pecheneg
Reality TV Shows (A-Z)
bhenderson79
Rickey Henderson's Hall of Fame Teammates
pecheneg
Champions League XIs: Arsenal
pecheneg
Quick Pick: Celebrities in WWE's Hall of Fame
aduchscher
A-Z Keypad Blitz II
pecheneg
Multiple Oscar Actors
pecheneg
Mystery Phrase Blitz: Oscar 'Best Actors'
pecheneg
F. Scott Fitzgerald Novels
LTH
Pick 3 Villains
ddd62291
Trending Topics
Marvel
Harry Potter
Anime
Kpop
Crossword
NBA
Disney
Soccer
Country
WWE
NFL
Pokémon
The Office
Song
Puzzle
Your Account Isn't Verified!
In order to create a playlist on Sporcle, you need to verify the email address you used during registration. Go to your
Sporcle Settings
to finish the process.
Report this User
Report this user for behavior that violates our
Community Guidelines
.
Details:
Send Report
Go to the Sporcle.com Mobile Site →
Comments